[Event "Kandidatenturnier"]
[Site "Tübingen"]
[Date "2007.09.01"]
[Round "8"]
[White "Meschke, Andreas"]
[Black "Schwerteck, Michael"]
[Result "1/2-1/2"]
[WhiteElo "2153"]
[BlackElo "2154"]
[PlyCount "21"]
[EventDate "2007.??.??"]

1. e4 e5 2. Nf3 Nc6 3. Bc4 Nf6 4. d3 Be7 5. Bb3 O-O 6. c3 d5 7. Nbd2 dxe4 8.
dxe4 Nd7 9. O-O Nc5 10. Bd5 Bf6 11. b4 1/2-1/2

[Event "Kandidatenturnier"]
[Site "Tübingen"]
[Date "2007.09.01"]
[Round "8"]
[White "Hadziselimovic, Adnan"]
[Black "Haist, Winfried"]
[Result "1-0"]
[WhiteElo "1687"]
[BlackElo "2139"]
[PlyCount "49"]
[EventDate "2007.??.??"]

1. d4 Nf6 2. Nf3 c5 3. e3 e6 4. Bd3 b6 5. c3 Bb7 6. Nbd2 d5 7. O-O Nbd7 8. Qe2
Ne4 9. Ne5 Nxe5 10. dxe5 a6 11. f3 Nxd2 12. Bxd2 f5 13. exf6 Qxf6 14. e4 d4 15.
e5 Qh4 16. f4 dxc3 17. Bxc3 Be7 18. f5 O-O 19. f6 Bd8 20. g3 Qh6 21. Rf4 g5 22.
Rg4 Kh8 23. Bd2 Rg8 24. h4 b5 25. Rxg5 1-0

[Event "Kandidatenturnier"]
[Site "Tübingen"]
[Date "2007.09.01"]
[Round "8"]
[White "Guski, Dietmar"]
[Black "Seyrich, Maximilian"]
[Result "1-0"]
[WhiteElo "2093"]
[BlackElo "1892"]
[PlyCount "139"]
[EventDate "2007.??.??"]

1. e4 e5 2. Nf3 Nf6 3. Nc3 Bb4 4. Nxe5 O-O 5. Be2 Re8 6. Nd3 Bxc3 7. dxc3 Nxe4
8. O-O d6 9. Nf4 Nd7 10. c4 Ne5 11. f3 Nc5 12. Nd5 c6 13. f4 cxd5 14. fxe5 Qb6
15. Qxd5 Ne4+ 16. c5 Qxc5+ 17. Qxc5 Nxc5 18. Bb5 Bd7 19. Bxd7 Nxd7 20. exd6
Rad8 21. Bf4 f6 22. Rfe1 Ne5 23. Bxe5 fxe5 24. Rad1 Kf7 25. Rd5 Re6 26. d7 Re7
27. Red1 Re6 28. Kf2 Ke7 29. Ke3 Kf6 30. Ke4 g5 31. Rf1+ Ke7 32. Rf5 Rxd7 33.
Rxd7+ Kxd7 34. Rxe5 Rc6 35. c3 h6 36. Rd5+ Ke6 37. Rd8 Rc4+ 38. Kd3 Rc6 39. Rh8
Kf5 40. h3 Kf4 41. Re8 Rb6 42. b3 Kg3 43. Re2 Rf6 44. c4 a5 45. a3 Rf1 46. Kc3
Rc1+ 47. Kb2 Rg1 48. b4 axb4 49. axb4 Rxg2 50. Rxg2+ Kxg2 51. c5 Kxh3 52. b5 g4
53. c6 bxc6 54. bxc6 g3 55. c7 g2 56. c8=Q+ Kh2 57. Qc7+ Kh1 58. Qc6 h5 59. Qe4
Kg1 60. Qe1+ Kh2 61. Qh4+ Kg1 62. Qxh5 Kf2 63. Qh2 Kf1 64. Qf4+ Ke2 65. Qg3 Kf1
66. Qf3+ Kg1 67. Kc2 Kh2 68. Qf2 Kh1 69. Qh4+ Kg1 70. Kd1 1-0

[Event "Kandidatenturnier"]
[Site "Tübingen"]
[Date "2007.09.01"]
[Round "8"]
[White "Sand, Rolf"]
[Black "Huhn, Stefan"]
[Result "1/2-1/2"]
[WhiteElo "2108"]
[BlackElo "2075"]
[PlyCount "87"]
[EventDate "2007.??.??"]

1. e4 c5 2. Nf3 Nc6 3. d4 cxd4 4. Nxd4 Nf6 5. Nc3 e5 6. Ndb5 d6 7. Bg5 a6 8.
Na3 b5 9. Nd5 Be7 10. Bxf6 Bxf6 11. c3 Rb8 12. Nc2 Bg5 13. a4 bxa4 14. Ncb4
Nxb4 15. cxb4 Bd7 16. Bxa6 O-O 17. O-O Bc6 18. Rxa4 Qd7 19. Ra2 Bxd5 20. Qxd5
Rxb4 21. Bc4 Qb7 22. Qxb7 Rxb7 23. b3 g6 24. Rfa1 Kg7 25. Ra7 Rfb8 26. Bd5 Re7
27. g3 f5 28. Rxe7+ Bxe7 29. Ra7 Kf6 30. f3 fxe4 31. fxe4 g5 32. Kf1 h5 33. h3
Rf8 34. Ke2 g4 35. h4 Rc8 36. Bc4 Rb8 37. Kd3 Bd8 38. Rf7+ Kg6 39. Rd7 Bb6 40.
Rxd6+ Kg7 41. Rd7+ Kh6 42. Rd6+ Kg7 43. Rd7+ Kh6 44. Rd6+ 1/2-1/2

[Event "Kandidatenturnier"]
[Site "Tübingen"]
[Date "2007.09.01"]
[Round "8"]
[White "Gnirk, Torsten"]
[Black "Siegle, Florian"]
[Result "1/2-1/2"]
[WhiteElo "2116"]
[BlackElo "2037"]
[PlyCount "115"]
[EventDate "2007.??.??"]

1. e4 e6 2. d4 d5 3. Nc3 Bb4 4. e5 c5 5. a3 Ba5 6. b4 cxd4 7. Nb5 Bc7 8. f4 Bd7
9. Nxc7+ Qxc7 10. Bb2 Ba4 11. Bd3 Nc6 12. Nf3 Nge7 13. O-O a6 14. Qe2 Nf5 15.
Rfe1 g6 16. g4 Ne3 17. h3 h5 18. g5 Rc8 19. Rac1 Qb6 20. Qf2 Ke7 21. Nxd4 Nxd4
22. Qxe3 Nf3+ 23. Kf2 Qxe3+ 24. Rxe3 Nh4 25. Bd4 Rhd8 26. Bc5+ Ke8 27. c3 Rc6
28. Kg3 Nf5+ 29. Bxf5 exf5 30. Rce1 Kd7 31. Rd3 Bb5 32. Rxd5+ Ke8 33. Rxd8+
Kxd8 34. Rd1+ Ke8 35. Kf2 b6 36. Bd4 Ba4 37. Rc1 b5 38. Bc5 Bb3 39. Ke3 a5 40.
Re1 a4 41. Re2 Bc4 42. Rd2 Bb3 43. Rd4 Ba2 44. Kd3 Bb1+ 45. Ke3 Ba2 46. Rd6
Rxd6 47. exd6 Kd7 48. Kd4 Ke6 49. Ke3 Bd5 50. Kd4 Bg2 51. c4 Bxh3 52. cxb5 Bg2
53. b6 Bb7 54. Ke3 Ba8 55. Kd3 Bb7 56. b5 Ba8 57. Ke3 Bb7 58. Kd3 1/2-1/2

[Event "Kandidatenturnier"]
[Site "Tübingen"]
[Date "2007.09.01"]
[Round "8"]
[White "Sautter, Elke"]
[Black "Hittinger, Immanuel"]
[Result "0-1"]
[WhiteElo "2006"]
[BlackElo "1865"]
[PlyCount "90"]
[EventDate "2007.??.??"]

1. e4 e6 2. d4 d5 3. e5 c5 4. c3 Nc6 5. Nf3 Qb6 6. Be2 Bd7 7. Na3 cxd4 8. cxd4
Bb4+ 9. Kf1 Nge7 10. Nc2 Ng6 11. h4 Na5 12. h5 Nf8 13. Nxb4 Qxb4 14. h6 gxh6
15. Rxh6 Bb5 16. Bxb5+ Qxb5+ 17. Kg1 O-O-O 18. Ng5 Rd7 19. Rf6 Kb8 20. Rxf7 h6
21. Rxd7 Qxd7 22. Nf3 Nc6 23. Qd3 Qg7 24. Bd2 Rg8 25. g3 h5 26. Kg2 Qg4 27. Rh1
Ng6 28. Qe3 Rf8 29. Nh4 Nf4+ 30. Kh2 Nxd4 31. Qxf4 Rxf4 32. Bxf4 Qe2 33. Be3
Nf3+ 34. Nxf3 Qxf3 35. Bd4 Qg4 36. Bc5 d4 37. Rc1 b6 38. Bd6+ Kb7 39. b4 b5 40.
Rc7+ Kb6 41. Rc5 d3 42. Rc3 d2 43. Bc5+ Kb7 44. f3 Qc4 45. Ra3 a6 0-1

[Event "Kandidatenturnier"]
[Site "Tübingen"]
[Date "2007.09.01"]
[Round "8"]
[White "Ruprich, Udo"]
[Black "Bajer, Renato"]
[Result "1-0"]
[WhiteElo "2061"]
[BlackElo "1924"]
[PlyCount "63"]
[EventDate "2007.??.??"]

1. e4 e5 2. Nf3 Nc6 3. Bb5 a6 4. Bxc6 dxc6 5. O-O f6 6. c3 Qd3 7. Re1 Be6 8.
Re3 Qd7 9. d4 O-O-O 10. Nbd2 exd4 11. cxd4 g5 12. Rd3 h5 13. b3 h4 14. Bb2 g4
15. Ne1 g3 16. f4 gxh2+ 17. Kh1 Nh6 18. Ndf3 Ng4 19. Qc2 Bh6 20. Nxh4 Bxf4 21.
Ng6 Be3 22. Rxe3 Nxe3 23. Qe2 Rhg8 24. Nf4 Ng4 25. Ned3 Qd6 26. Rc1 Rde8 27.
Bc3 Bf5 28. Bb4 Qxd4 29. Qf1 Bxe4 30. Bc5 Bxd3 31. Nxd3 Qxd3 32. Qxd3 1-0

[Event "Kandidatenturnier"]
[Site "Tübingen"]
[Date "2007.09.01"]
[Round "8"]
[White "Wiebusch, Marc"]
[Black "Birkholz, Axel"]
[Result "1-0"]
[WhiteElo "1901"]
[BlackElo "2008"]
[PlyCount "107"]
[EventDate "2007.??.??"]

1. e4 c5 2. Nf3 Nc6 3. Bb5 g6 4. Bxc6 bxc6 5. O-O Bg7 6. c3 d6 7. d4 cxd4 8.
cxd4 e6 9. Nc3 Ne7 10. Bg5 h6 11. Bf4 O-O 12. Qa4 g5 13. Be3 Bd7 14. Qa3 d5 15.
Ne5 Ng6 16. Nxd7 Qxd7 17. e5 f6 18. exf6 Bxf6 19. Na4 e5 20. Qd3 Nf4 21. Bxf4
gxf4 22. Qg6+ Qg7 23. Qxg7+ Kxg7 24. dxe5 Bxe5 25. Rac1 Rfc8 26. Rfd1 Rab8 27.
b3 Bd6 28. g3 Kf6 29. Kg2 Kg5 30. Nc5 Bxc5 31. Rxc5 fxg3 32. hxg3 h5 33. f4+
Kf5 34. Kf3 a5 35. Rh1 a4 36. Rxh5+ Kg6 37. Rg5+ Kf6 38. bxa4 Rb2 39. Rgxd5
cxd5 40. Rxc8 Rxa2 41. Rc5 Ke6 42. a5 Kd6 43. Rb5 Kc6 44. Rb6+ Kc5 45. Ra6 Kc4
46. f5 d4 47. f6 Ra1 48. Ke4 d3 49. Rc6+ Kb5 50. Rd6 Rf1 51. a6 d2 52. a7 Ra1
53. Rxd2 Rxa7 54. Kf5 1-0

[Event "Kandidatenturnier"]
[Site "Tübingen"]
[Date "2007.09.01"]
[Round "8"]
[White "Klaus, Daniel"]
[Black "Reck, Moritz"]
[Result "0-1"]
[WhiteElo "1994"]
[BlackElo "2111"]
[PlyCount "80"]
[EventDate "2007.??.??"]

1. e4 g6 2. d4 Bg7 3. Nf3 d6 4. Bc4 Nc6 5. O-O e5 6. Ng5 Nh6 7. d5 Ne7 8. Nc3
O-O 9. a4 Kh8 10. Qe2 Nhg8 11. h3 h6 12. Nf3 f5 13. Bb3 f4 14. Nh2 h5 15. Bd2
Nf6 16. Nd1 g5 17. f3 c6 18. dxc6 bxc6 19. Nf2 Qb6 20. a5 Qc7 21. Bc3 Ng6 22.
Rfd1 Rd8 23. a6 Qd7 24. Ba5 Rf8 25. Qd3 Ne8 26. Bb4 Rf6 27. Qc4 Ne7 28. Nd3 Rg6
29. Nc5 Qc7 30. Ba5 d5 31. exd5 cxd5 32. Rxd5 Qc6 33. Rd2 Nd6 34. Qb4 Ndf5 35.
Rd8+ Kh7 36. c3 Rb8 37. Qa3 g4 38. Ba4 Qa8 39. Ne4 gxf3 40. Nxf3 Qxe4 0-1

[Event "Kandidatenturnier"]
[Site "Tübingen"]
[Date "2007.09.01"]
[Round "8"]
[White "Schuster, Gerhard"]
[Black "Reichel, Jonathan"]
[Result "1-0"]
[WhiteElo "2041"]
[BlackElo "1882"]
[PlyCount "109"]
[EventDate "2007.??.??"]

1. e4 e6 2. d4 d5 3. Nc3 Nf6 4. Bg5 Be7 5. e5 Nfd7 6. Bxe7 Qxe7 7. f4 a6 8. Nf3
c5 9. dxc5 Nc6 10. Qd2 Nxc5 11. Bd3 b5 12. Ne2 Bb7 13. Ned4 Rc8 14. Nxc6 Bxc6
15. Nd4 Nxd3+ 16. cxd3 O-O 17. Rc1 Bb7 18. O-O Rxc1 19. Rxc1 Rc8 20. Rxc8+ Bxc8
21. Qc3 Bb7 22. b4 h6 23. g3 f6 24. Qc5 Kf7 25. Qb6 Qd7 26. f5 Qc8 27. Qxe6+
Qxe6 28. Nxe6 Bc8 29. Nd8+ Ke8 30. exf6 gxf6 31. Ne6 Bxe6 32. fxe6 Ke7 33. Kf2
Kxe6 34. Ke3 Ke5 35. g4 d4+ 36. Kf3 f5 37. h3 Kf6 38. Kf4 fxg4 39. Kxg4 Ke5 40.
h4 h5+ 41. Kg5 Ke6 42. Kf4 Kf6 43. Ke4 Kg6 44. Ke5 Kf7 45. Kxd4 Kf6 46. Ke4 Ke6
47. d4 Kd6 48. d5 Kd7 49. Ke5 Ke7 50. d6+ Kd7 51. Kd5 Kd8 52. Ke6 Ke8 53. d7+
Kd8 54. Kd6 a5 55. bxa5 1-0

[Event "Kandidatenturnier"]
[Site "Tübingen"]
[Date "2007.09.01"]
[Round "8"]
[White "Deffner, Manfred"]
[Black "Hedler, Thomas"]
[Result "1-0"]
[WhiteElo "1847"]
[BlackElo "2019"]
[PlyCount "63"]
[EventDate "2007.??.??"]

1. d4 f5 2. e4 fxe4 3. Nc3 Nf6 4. Bg5 g6 5. f3 exf3 6. Nxf3 d5 7. Bd3 Bg4 8. h3
Bxf3 9. Qxf3 c6 10. O-O-O Bg7 11. h4 O-O 12. Qe2 Nbd7 13. h5 gxh5 14. Qe6+ Kh8
15. g4 Qe8 16. gxh5 Qf7 17. Qh3 Ne4 18. Bxe4 dxe4 19. Qxd7 h6 20. Be3 b5 21.
Rhf1 Qxh5 22. Rxf8+ Rxf8 23. Qxe7 Re8 24. Qd7 b4 25. Rg1 Rg8 26. Nd1 Qa5 27.
Kb1 Qh5 28. Qxc6 Qf3 29. Qg6 h5 30. Bh6 Qf6 31. Bxg7+ Rxg7 32. Qxf6 1-0

[Event "Kandidatenturnier"]
[Site "Tübingen"]
[Date "2007.09.01"]
[Round "8"]
[White "Rix, Michael"]
[Black "Braun, Georg"]
[Result "0-1"]
[WhiteElo "1837"]
[BlackElo "1887"]
[PlyCount "96"]
[EventDate "2007.??.??"]

1. d4 Nf6 2. Nf3 g6 3. Nbd2 c5 4. dxc5 Na6 5. e4 Nxc5 6. e5 Nfe4 7. Nxe4 Nxe4
8. Bd3 Nc5 9. Bc4 Bg7 10. Qd5 Ne6 11. Be3 d6 12. Bb5+ Kf8 13. Bc4 dxe5 14. Qe4
Qc7 15. Rd1 Nd4 16. Bb3 Bf5 17. Qd5 Be6 18. Qe4 Bxb3 19. cxb3 Qc6 20. Qxc6 Nxc6
21. O-O Ke8 22. Rd2 Rd8 23. Rfd1 Rxd2 24. Rxd2 Bf6 25. Bc5 b6 26. Be3 e6 27. h4
Ke7 28. g4 h5 29. g5 Bg7 30. Rc2 Kd6 31. Rd2+ Kc7 32. Rc2 Rd8 33. Nd2 Kb7 34.
Ne4 Nd4 35. Bxd4 exd4 36. f4 d3 37. Rd2 Rd4 38. Nf2 Rxf4 39. Rxd3 Bd4 40. Rd2
Bxf2+ 41. Rxf2 Rxf2 42. Kxf2 Kc6 43. Ke3 Kd5 44. b4 b5 45. b3 e5 46. a4 a6 47.
Kd3 e4+ 48. Ke3 Ke5 0-1

[Event "Kandidatenturnier"]
[Site "Tübingen"]
[Date "2007.09.01"]
[Round "8"]
[White "Altimira Roses, Jordi"]
[Black "Bauer, Dieter"]
[Result "1/2-1/2"]
[WhiteElo "1803"]
[BlackElo "1860"]
[PlyCount "117"]
[EventDate "2007.??.??"]

1. e4 c5 2. Nf3 e6 3. d4 cxd4 4. Nxd4 a6 5. Nc3 Nc6 6. Nxc6 bxc6 7. Bd3 e5 8.
O-O Bc5 9. Qf3 Qf6 10. Qg3 d6 11. Na4 Ba7 12. Be3 Be6 13. Rad1 Bxe3 14. Qxe3
Ne7 15. Qe2 a5 16. b3 O-O 17. Nb6 Ra7 18. Qe3 Qf4 19. Qxf4 exf4 20. Bc4 Rd8 21.
Rd2 Bxc4 22. Nxc4 d5 23. exd5 cxd5 24. Ne5 f6 25. Nf3 Ng6 26. Re1 Kf7 27. Kf1
Re7 28. Rxe7+ Kxe7 29. Rd4 Ke8 30. Ke2 Ke7 31. a3 Ke8 32. c4 dxc4 33. Rxc4 Rd5
34. b4 axb4 35. axb4 Rb5 36. Kd2 Kd7 37. Kc3 Ne7 38. Nd4 Rg5 39. b5 Nd5+ 40.
Kb3 Rxg2 41. Rc6 Rxf2 42. b6 Rf1 43. Kb2 Nxb6 44. Rxb6 f3 45. Rb7+ Kd6 46. Rxg7
f2 47. Nf5+ Ke5 48. Ne3 Rg1 49. Rxh7 f1=Q 50. Nxf1 Rxf1 51. h4 Kf4 52. Kc2 Rh1
53. Kd2 Rh3 54. Rf7 Ke5 55. Rh7 f5 56. h5 f4 57. h6 Kf6 58. Rh8 Kf7 59. Ke2
1/2-1/2

[Event "Kandidatenturnier"]
[Site "Tübingen"]
[Date "2007.09.01"]
[Round "8"]
[White "Kaulich, Philipp Theodor"]
[Black "Schwan, Rudi"]
[Result "1-0"]
[WhiteElo "1576"]
[BlackElo "1939"]
[PlyCount "71"]
[EventDate "2007.??.??"]

1. e4 e5 2. f4 d5 3. exd5 e4 4. d3 Nf6 5. dxe4 Nxe4 6. Be3 Bd6 7. Nf3 O-O 8.
Nbd2 Bf5 9. Bd3 Re8 10. Nxe4 Bxe4 11. O-O Nd7 12. Bxe4 Rxe4 13. Qd3 Rxe3 14.
Qxe3 Bc5 15. Nd4 Nf6 16. Kh1 Qxd5 17. c3 Re8 18. Qf3 Ne4 19. Nb3 Bb6 20. Rad1
Qc6 21. Nd2 f5 22. Nxe4 fxe4 23. Qe2 h6 24. c4 e3 25. b4 a6 26. c5 Ba7 27. Rf3
Qe4 28. a3 a5 29. Re1 Qf5 30. Rxe3 Rf8 31. Qc4+ Kh8 32. Re8 b6 33. Rxf8+ Qxf8
34. c6 b5 35. Qxb5 Qxf4 36. Re8+ 1-0

[Event "Kandidatenturnier"]
[Site "Tübingen"]
[Date "2007.09.01"]
[Round "8"]
[White "Dittus, Reiner"]
[Black "Hallmann, Eberhard"]
[Result "1-0"]
[WhiteElo "1749"]
[BlackElo "1985"]
[PlyCount "79"]
[EventDate "2007.??.??"]

1. e4 Nc6 2. d4 e5 3. Nf3 exd4 4. Nxd4 Bc5 5. Be3 Qf6 6. c3 Nge7 7. Bb5 a6 8.
Ba4 b5 9. Bb3 Bb7 10. O-O Nxd4 11. cxd4 Ba7 12. Bc2 d6 13. Nc3 Nc6 14. Nd5 Qd8
15. Re1 Qd7 16. Rc1 Ne7 17. Nc3 O-O 18. Bg5 h6 19. Bxe7 Qxe7 20. Qd3 Qg5 21. g3
Qg6 22. Qd2 Qf6 23. Rcd1 Bb6 24. Qd3 Qg6 25. Ne2 Rfe8 26. Nf4 Qh7 27. a3 c5 28.
dxc5 dxc5 29. Qe2 Ba5 30. e5 Qh8 31. b4 cxb4 32. e6 Kf8 33. Rd7 Re7 34. Rxe7
Kxe7 35. exf7+ Kd7 36. Qe7+ Kc8 37. f8=Q+ Qxf8 38. Qxf8+ Kc7 39. Qe7+ Kb6 40.
axb4 1-0

[Event "Kandidatenturnier"]
[Site "Tübingen"]
[Date "2007.09.02"]
[Round "9"]
[White "Meschke, Andreas"]
[Black "Hadziselimovic, Adnan"]
[Result "1-0"]
[WhiteElo "2153"]
[BlackElo "1687"]
[PlyCount "81"]
[EventDate "2007.??.??"]

1. e4 d5 2. exd5 Nf6 3. Bb5+ Bd7 4. Bc4 Bf5 5. Nc3 Nbd7 6. d3 a6 7. Bb3 Nc5 8.
Qf3 Qd7 9. Bg5 O-O-O 10. Bxf6 gxf6 11. h3 Bh6 12. Nge2 e5 13. dxe6 fxe6 14. O-O
Rhg8 15. Ng3 Rg5 16. Rfe1 Rdg8 17. Nce4 Bxe4 18. dxe4 Nxb3 19. axb3 Qg7 20.
Red1 f5 21. exf5 exf5 22. Rxa6 Kb8 23. Ra4 f4 24. Rda1 Kc8 25. Rxf4 Rxg3 26.
fxg3 Bxf4 27. gxf4 Kb8 28. c3 Qf7 29. c4 Qe7 30. Qf2 Rg7 31. Qa7+ Kc8 32. Qa8+
Kd7 33. Rd1+ Kc6 34. Qa4+ Kb6 35. Qb5+ Ka7 36. Qe5 Qf8 37. Qd4+ c5 38. Qd8 Qxd8
39. Rxd8 Rg3 40. f5 Rxb3 41. f6 1-0

[Event "Kandidatenturnier"]
[Site "Tübingen"]
[Date "2007.09.02"]
[Round "9"]
[White "Kracke, Moritz"]
[Black "Huhn, Stefan"]
[Result "1-0"]
[WhiteElo "2054"]
[BlackElo "2075"]
[PlyCount "93"]
[EventDate "2007.??.??"]

1. e4 c5 2. Nf3 Nc6 3. d4 cxd4 4. Nxd4 Nf6 5. Nc3 e5 6. Ndb5 d6 7. Bg5 a6 8.
Na3 b5 9. Nd5 Be7 10. Bxf6 Bxf6 11. c3 Bg5 12. Nc2 O-O 13. a4 bxa4 14. Rxa4 a5
15. Bc4 Rb8 16. b3 Kh8 17. O-O f5 18. exf5 Bxf5 19. Ra2 Qe8 20. Re1 Qg6 21. f3
e4 22. f4 Bh4 23. Rf1 Bg4 24. Qd2 h5 25. Nd4 Ne5 26. fxe5 Rxf1+ 27. Bxf1 dxe5
28. Nc2 Rf8 29. g3 Bf3 30. Nce3 Bg5 31. Qe1 h4 32. g4 h3 33. Qg3 Qh6 34. Qxh3
Bh4 35. Nf5 Rxf5 36. gxf5 Qg5+ 37. Rg2 Bxg2 38. Bxg2 Qc1+ 39. Bf1 Qg5+ 40. Kh1
Kg8 41. f6 gxf6 42. Ne7+ Kf7 43. Nf5 Bf2 44. Qh7+ Kf8 45. Qh8+ Kf7 46. Bc4+ Kg6
47. Ne7# 1-0

[Event "Kandidatenturnier"]
[Site "Tübingen"]
[Date "2007.09.02"]
[Round "9"]
[White "Schwerteck, Michael"]
[Black "Hittinger, Immanuel"]
[Result "1-0"]
[WhiteElo "2154"]
[BlackElo "1865"]
[PlyCount "71"]
[EventDate "2007.??.??"]

1. d4 d5 2. c4 c6 3. Nc3 Nf6 4. e3 Bf5 5. cxd5 Nxd5 6. f3 e6 7. e4 Nxc3 8. bxc3
Bg6 9. Bd3 Nd7 10. f4 Nf6 11. Qe2 Be7 12. Nf3 Qc7 13. Ne5 h6 14. Nxg6 fxg6 15.
e5 Nd5 16. Bxg6+ Kd7 17. Bd2 Rhf8 18. O-O Rad8 19. c4 Nb6 20. Ba5 Kc8 21. c5
Rxd4 22. cxb6 axb6 23. Bd2 Bc5 24. Kh1 Kb8 25. Be3 Rd7 26. Bxc5 bxc5 27. Rad1
Rd4 28. f5 exf5 29. e6 Re4 30. Qxe4 fxe4 31. Rxf8+ Ka7 32. Rf7 Qe5 33. e7 Ka6
34. Rxg7 e3 35. e8=Q e2 36. Re1 1-0

[Event "Kandidatenturnier"]
[Site "Tübingen"]
[Date "2007.09.02"]
[Round "9"]
[White "Haist, Winfried"]
[Black "Gnirk, Torsten"]
[Result "1-0"]
[WhiteElo "2139"]
[BlackElo "2116"]
[PlyCount "51"]
[EventDate "2007.??.??"]

1. e4 c5 2. Nf3 e6 3. d4 cxd4 4. Nxd4 a6 5. Bd3 Bc5 6. Nb3 Ba7 7. Nc3 Nc6 8.
Bf4 d6 9. Qd2 Nge7 10. O-O-O e5 11. Bg5 Be6 12. Kb1 f6 13. Bh4 d5 14. f4 d4 15.
Ne2 Qb6 16. fxe5 fxe5 17. Bxe7 Nxe7 18. Qg5 Ng6 19. h4 O-O 20. h5 Nf4 21. h6
Qc7 22. Nxf4 Rxf4 23. hxg7 Qxg7 24. Rh5 Bg4 25. Bc4+ Kh8 26. Rxh7+ 1-0

[Event "Kandidatenturnier"]
[Site "Tübingen"]
[Date "2007.09.02"]
[Round "9"]
[White "Siegle, Florian"]
[Black "Sand, Rolf"]
[Result "0-1"]
[WhiteElo "2037"]
[BlackElo "2108"]
[PlyCount "62"]
[EventDate "2007.??.??"]

1. e4 c5 2. c3 d5 3. e5 d4 4. Bc4 e6 5. Qe2 Nc6 6. f4 Nge7 7. Nh3 Nd5 8. O-O
Be7 9. Bd3 O-O 10. a3 f6 11. c4 Nc7 12. exf6 Bxf6 13. b4 g6 14. b5 Ne7 15. a4
Qd6 16. a5 e5 17. fxe5 Bxe5 18. Rxf8+ Kxf8 19. g4 Ne6 20. Ra3 Kg7 21. Be4 Rb8
22. d3 Bd7 23. a6 b6 24. Qd2 Rf8 25. Ra2 Nf4 26. Nf2 Qf6 27. Qe1 Qh4 28. Bc6
Nh3+ 29. Kg2 Bxc6+ 30. bxc6 Nxc6 31. Qe2 Rxf2+ 0-1

[Event "Kandidatenturnier"]
[Site "Tübingen"]
[Date "2007.09.02"]
[Round "9"]
[White "Seyrich, Maximilian"]
[Black "Ruprich, Udo"]
[Result "0-1"]
[WhiteElo "1892"]
[BlackElo "2061"]
[PlyCount "88"]
[EventDate "2007.??.??"]

1. d4 d5 2. c4 c6 3. Nc3 e6 4. Nf3 Nd7 5. e4 dxe4 6. Nxe4 Ngf6 7. Nxf6+ Nxf6 8.
g3 Bd6 9. Bg2 O-O 10. O-O Bd7 11. a3 Rc8 12. b4 b6 13. Qe2 b5 14. Ne5 bxc4 15.
Bg5 Be7 16. Bxf6 Bxf6 17. Rfc1 Be8 18. Rxc4 c5 19. Rxc5 Rxc5 20. dxc5 Qd4 21.
Re1 Qc3 22. c6 a6 23. Qe3 Bxe5 24. Qxe5 Qxa3 25. Qc5 Bxc6 26. Bxc6 g6 27. Bg2
Rb8 28. Rb1 a5 29. Qxa5 Qxa5 30. bxa5 Rxb1+ 31. Bf1 Ra1 32. a6 Kf8 33. Kg2 Ke7
34. Bd3 Kd6 35. Kh3 Ra3 36. Bf1 e5 37. Kg4 f6 38. f3 h5+ 39. Kh4 Rxf3 40. Bg2
Ra3 41. Bb7 Ra4+ 42. Kh3 Kc7 43. g4 hxg4+ 44. Kg3 Kb6 0-1

[Event "Kandidatenturnier"]
[Site "Tübingen"]
[Date "2007.09.02"]
[Round "9"]
[White "Reck, Moritz"]
[Black "Wiebusch, Marc"]
[Result "1-0"]
[WhiteElo "2111"]
[BlackElo "1901"]
[PlyCount "85"]
[EventDate "2007.??.??"]

1. g3 e5 2. Bg2 d5 3. d3 Nc6 4. Nc3 Be6 5. e4 dxe4 6. Nxe4 Be7 7. Ne2 f5 8.
N4c3 Qd7 9. Be3 Nf6 10. Qd2 O-O 11. h3 Rad8 12. O-O-O Nd4 13. f4 Nxe2+ 14. Qxe2
Bb4 15. fxe5 Bxc3 16. bxc3 Nd5 17. Kd2 Nxe3 18. Qxe3 Bxa2 19. Bxb7 c5 20. Bf3
Bd5 21. Rhf1 Bxf3 22. Rxf3 Qe7 23. Rdf1 g6 24. g4 fxg4 25. hxg4 a5 26. Qe4 Rxf3
27. Rxf3 Rf8 28. Rxf8+ Qxf8 29. e6 Qe7 30. Qe5 a4 31. d4 a3 32. d5 c4 33. d6
Qb7 34. Ke3 Qb6+ 35. Kf3 Qb1 36. d7 Qf1+ 37. Ke4 Qg2+ 38. Kd4 Qxg4+ 39. Kc5
Qg1+ 40. Kxc4 Qb6 41. Qc5 Qa6+ 42. Kd4 Qa4+ 43. Ke5 1-0

[Event "Kandidatenturnier"]
[Site "Tübingen"]
[Date "2007.09.02"]
[Round "9"]
[White "Deffner, Manfred"]
[Black "Schuster, Gerhard"]
[Result "0-1"]
[WhiteElo "1847"]
[BlackElo "2041"]
[PlyCount "42"]
[EventDate "2007.??.??"]

1. d4 Nf6 2. c4 e6 3. Nc3 Bb4 4. e3 c5 5. Bd3 Nc6 6. a3 Bxc3+ 7. bxc3 d6 8. f4
e5 9. Ne2 e4 10. Bc2 O-O 11. O-O Na5 12. f5 Nxc4 13. Ng3 Qe7 14. Rf4 d5 15. a4
cxd4 16. cxd4 b6 17. Bb3 Qb4 18. Rb1 Qc3 19. Bxc4 Qxc4 20. Rb5 Bd7 21. Bd2 Qd3
0-1

[Event "Kandidatenturnier"]
[Site "Tübingen"]
[Date "2007.09.02"]
[Round "9"]
[White "Birkholz, Axel"]
[Black "Sautter, Elke"]
[Result "1/2-1/2"]
[WhiteElo "2008"]
[BlackElo "2006"]
[PlyCount "81"]
[EventDate "2007.??.??"]

1. e4 e6 2. d4 d5 3. Nc3 dxe4 4. Nxe4 Be7 5. Nf3 Nf6 6. Nxf6+ Bxf6 7. Bd3 c5 8.
dxc5 Qa5+ 9. c3 Qxc5 10. O-O O-O 11. Be3 Qc7 12. Bg5 Be7 13. Qe2 g6 14. Rfe1
Nc6 15. Rad1 Kg7 16. Qe3 Bxg5 17. Nxg5 h6 18. Ne4 f5 19. Nc5 e5 20. Bb5 Re8 21.
Rd5 f4 22. Qe2 e4 23. Red1 Re7 24. Qd2 Bg4 25. Re1 Rae8 26. Bxc6 Qxc6 27. Qd4+
Qf6 28. Qxf6+ Kxf6 29. Rd6+ Kg7 30. h3 Bf5 31. Rd4 b6 32. Nb3 g5 33. Nd2 e3 34.
fxe3 Rxe3 35. Rxe3 fxe3 36. Nf3 Rf8 37. Ne1 e2 38. Rd2 Bxh3 39. Rxe2 Bf5 40.
Re7+ Rf7 41. Re3 1/2-1/2

[Event "Kandidatenturnier"]
[Site "Tübingen"]
[Date "2007.09.02"]
[Round "9"]
[White "Braun, Georg"]
[Black "Bajer, Renato"]
[Result "1-0"]
[WhiteElo "1887"]
[BlackElo "1924"]
[PlyCount "125"]
[EventDate "2007.??.??"]

1. e4 e5 2. Nf3 Nc6 3. Bb5 a6 4. Ba4 Nf6 5. O-O Be7 6. Re1 b5 7. Bb3 d6 8. c3
O-O 9. h3 Bb7 10. d4 Re8 11. Nbd2 Bf8 12. Bc2 h6 13. a3 a5 14. Nf1 a4 15. c4
Nxd4 16. Nxd4 exd4 17. cxb5 Nxe4 18. Qxd4 Nc5 19. Be3 Qd7 20. Qb4 Be4 21. Bxe4
Rxe4 22. Bd4 Nd3 23. Rxe4 Nxb4 24. axb4 Qxb5 25. Bc3 Re8 26. Rxe8 Qxe8 27. Ne3
Qb5 28. Nc2 g6 29. Nd4 Qd7 30. b5 Bg7 31. Rxa4 f5 32. Rb4 Qe8 33. Rb3 Qe4 34.
Nc6 Qb1+ 35. Kh2 Bxc3 36. Rxc3 Qxb2 37. Ne7+ Kf7 38. Rxc7 Qxb5 39. Nxf5+ Kf6
40. Rf7+ Ke5 41. f4+ Kd5 42. Nxh6 Ke6 43. f5+ gxf5 44. Rxf5 Qd3 45. Rf3 Qc4 46.
Ng4 d5 47. Nf2 d4 48. g3 Ke5 49. h4 Qe2 50. Kg2 Qc4 51. h5 Qc2 52. g4 Kd5 53.
Kh3 Ke5 54. g5 d3 55. Nxd3+ Ke4 56. Rg3 Qe2 57. h6 Qh5+ 58. Kg2 Qe2+ 59. Nf2+
Kf5 60. g6 Qh5 61. g7 Qxh6 62. g8=Q Qc6+ 63. Rf3+ 1-0

[Event "Kandidatenturnier"]
[Site "Tübingen"]
[Date "2007.09.02"]
[Round "9"]
[White "Bauer, Dieter"]
[Black "Klaus, Daniel"]
[Result "1/2-1/2"]
[WhiteElo "1860"]
[BlackElo "1994"]
[PlyCount "36"]
[EventDate "2007.??.??"]

1. d4 d5 2. Nf3 Nf6 3. e3 e6 4. Bd3 c5 5. b3 Nc6 6. O-O Bd7 7. Nbd2 Qb6 8. Bb2
c4 9. Be2 Rc8 10. Qc1 cxb3 11. axb3 Be7 12. c4 O-O 13. Ba3 Bxa3 14. Qxa3 a6 15.
c5 Qc7 16. b4 Na7 17. Rfe1 Nb5 18. Qa5 Rfd8 1/2-1/2

[Event "Kandidatenturnier"]
[Site "Tübingen"]
[Date "2007.09.02"]
[Round "9"]
[White "Reichel, Jonathan"]
[Black "Altimira Roses, Jordi"]
[Result "1/2-1/2"]
[WhiteElo "1882"]
[BlackElo "1803"]
[PlyCount "75"]
[EventDate "2007.??.??"]

1. d4 d5 2. c4 e6 3. Nc3 Nf6 4. Bg5 Be7 5. Nf3 Nbd7 6. e3 c6 7. Bd3 dxc4 8.
Bxc4 b5 9. Bb3 a6 10. O-O O-O 11. Qe2 c5 12. Rfd1 c4 13. Bc2 Bb7 14. a3 Nd5 15.
Bxe7 Qxe7 16. e4 Nxc3 17. bxc3 Rfd8 18. Re1 Nf6 19. Ne5 Rac8 20. Qe3 a5 21. Qg5
Nd5 22. Qg3 Nf6 23. Qh4 Nd5 24. Qh3 Nf6 25. Nf3 Nd7 26. e5 Nf8 27. Nd2 h6 28.
Ne4 Bxe4 29. Rxe4 f5 30. exf6 Qxf6 31. Qg3 Rd7 32. Rf4 Qe7 33. Be4 b4 34. axb4
axb4 35. cxb4 Qxb4 36. Rc1 Rcd8 37. Qe3 e5 38. Rg4 1/2-1/2

[Event "Kandidatenturnier"]
[Site "Tübingen"]
[Date "2007.09.02"]
[Round "9"]
[White "Hedler, Thomas"]
[Black "Kaulich, Philipp Theodor"]
[Result "1-0"]
[WhiteElo "2019"]
[BlackElo "1576"]
[PlyCount "69"]
[EventDate "2007.??.??"]

1. Nc3 d5 2. e4 dxe4 3. Nxe4 Bf5 4. Ng3 Bg6 5. Bc4 e6 6. Nf3 Nd7 7. O-O Ngf6 8.
d3 Bd6 9. Bd2 Qe7 10. Re1 O-O-O 11. a3 Nb6 12. Ba2 Kb8 13. Rb1 h5 14. Nh4 Bh7
15. Bg5 Bxg3 16. hxg3 Rdg8 17. b4 Qd7 18. Qe2 Nfd5 19. Bd2 Bf5 20. Nxf5 exf5
21. c4 Nf6 22. Bc3 Nc8 23. Qf3 Rh6 24. b5 Ng4 25. c5 b6 26. cxb6 cxb6 27. a4
Rh7 28. a5 g6 29. axb6 Nxb6 30. Bb4 Qb7 31. Qf4+ Ka8 32. Re7 Nd5 33. Bxd5 Qxd5
34. Ra1 Qd8 35. Raxa7# 1-0